Statistics for Which Country has More People?

Click here to take the quiz!

General Stats

  • This quiz has been taken 182 times
  • The average score is 10 of 15

Answer Stats

QuestionAnswer% Correct
?United Kingdom
88%
?China
83%
?Cyprus
79%
?Fiji
78%
?Afghanistan
73%
?Russia
73%
?Luxembourg
64%
?Saint Lucia
63%
?Sweden
61%
?Switzerland
60%
?Andorra
59%
?Nepal
59%
?New Zealand
59%
?Germany
38%
?Greenland
36%

Score Distribution

Percentile by Number Answered

Percent of People with Each Score

Your Score History

You have not taken this quiz